| 000 | 01023cam a2200301 a 4500 | ||
|---|---|---|---|
| 001 | 706 | ||
| 005 | 20230809131358.0 | ||
| 008 | 821101s1983 nyua j 000 1 eng | ||
| 020 | _a0671464612 (pbk.) | ||
| 020 | _a0671464620 (hard) | ||
| 040 |
_aDLC _cDLC _dDLC _beng |
||
| 050 | 0 | 0 |
_aPZ7.K23 _bNan no. 70 |
| 082 | 0 | 0 |
_a[Fic] _219 |
| 100 | 1 | _aKeene, Carolyn | |
| 245 | 1 | 4 |
_aThe broken anchor / _cby Carolyn Keene ; illustrated by Paul Frame. |
| 260 |
_aNew York : _bWanderer Books, _c1983. |
||
| 300 |
_a189 pages : _billustrations ; _c20 cm. |
||
| 490 | 1 |
_aNancy Drew mystery stories ; _v70 |
|
| 505 | _aM | ||
| 520 | _aA quest for pirate treasure takes clever detective Nancy Drew and her friends to a small island in the Bahamas. | ||
| 521 |
_a800
_bLexile estimate |
||
| 521 |
_aM
_bRaz-Plus |
||
| 650 | 1 | _aMystery and detective stories. | |
| 650 | 1 |
_aBuried treasure _xFiction. |
|
| 700 | 1 |
_aFrame, Paul _d1913-1994 _eillustrator |
|
| 906 |
_a7 _bcbc _corignew _d1 _eocip _f19 _gy-gencatlg |
||
| 942 |
_2ddc _cBK _n0 |
||
| 999 |
_c706 _d706 |
||